Fundamental stellar properties-the interaction between observation and theory (Record no. 12251)
[ view plain ]
| 000 -LEADER | |
|---|---|
| fixed length control field | 00972nam a2200229Ia 4500 |
| 003 - CONTROL NUMBER IDENTIFIER | |
| control field | IN-BaIIA |
| 008 - FIXED-LENGTH DATA ELEMENTS--GENERAL INFORMATION | |
| fixed length control field | 211028s9999 xx 000 0 eng d |
| 020 ## - INTERNATIONAL STANDARD BOOK NUMBER | |
| International Standard Book Number | 0-7923-4651-3 |
| 040 ## - CATALOGING SOURCE | |
| Transcribing agency | IIA Library |
| 080 ## - UNIVERSAL DECIMAL CLASSIFICATION NUMBER | |
| Universal Decimal Classification number | 082.2:52 |
| Item number | IAU-S189 |
| 111 ## - MAIN ENTRY--MEETING NAME | |
| Meeting name or jurisdiction name as entry element | Symposium of the International Astronomical Union |
| Number of part/section/meeting | 189th |
| Location of meeting | Australia |
| Date of meeting or treaty signing | 1997 Jan. 13-17 |
| 9 (RLIN) | 21422 |
| 245 #0 - TITLE STATEMENT | |
| Title | Fundamental stellar properties-the interaction between observation and theory |
| Remainder of title | proceedings of the 189th symposium of the IAU held in University of Sydney, Australia, January 13-17, 1997 |
| Statement of responsibility, etc. | edited by T. R. Bedding, A. T. Booth and A. Davis |
| 260 ## - PUBLICATION, DISTRIBUTION, ETC. | |
| Place of publication, distribution, etc. | Dordrecht |
| Name of publisher, distributor, etc. | Kluwer Academic |
| Date of publication, distribution, etc. | 1997 |
| 300 ## - PHYSICAL DESCRIPTION | |
| Extent | xxix, 478p. |
| 490 ## - SERIES STATEMENT | |
| Series statement | IAU symposium; no. 189 |
| 650 ## - SUBJECT ADDED ENTRY--TOPICAL TERM | |
| Topical term or geographic name entry element | Stellar properties |
| 9 (RLIN) | 21423 |
| 700 ## - ADDED ENTRY--PERSONAL NAME | |
| Personal name | Bedding, T. R., ed. |
| 9 (RLIN) | 21424 |
| 700 ## - ADDED ENTRY--PERSONAL NAME | |
| Personal name | Booth, A. T., ed. |
| 9 (RLIN) | 21425 |
| 700 ## - ADDED ENTRY--PERSONAL NAME | |
| Personal name | Davis, A., ed. |
| 9 (RLIN) | 21426 |
| 710 ## - ADDED ENTRY--CORPORATE NAME | |
| Corporate name or jurisdiction name as entry element | International Astronomical Union |
| 942 ## - ADDED ENTRY ELEMENTS (KOHA) | |
| Koha item type | Books |
| Withdrawn status | Lost status | Damaged status | Not for loan | Home library | Current library | Shelving location | Date acquired | Total Checkouts | Full call number | Barcode | Date last seen | Price effective from | Koha item type |
|---|---|---|---|---|---|---|---|---|---|---|---|---|---|
| IIA Library-Bangalore | IIA Library-Bangalore | General Stacks | 23/09/1997 | 082.2:52/ IAU-S189 | 13167 | 05/11/2021 | 23/09/1997 | Books |